Vicente de Paul y los pobres de su tiempo

Saved in:
Bibliografiske detaljer
Hovedforfatter: Ibáñez, José María (Author)
Format: Bog
Sprog:spansk
Udgivet: Salamanca Sigueme 1977
Serier:Nueva Alianza, 73
Fag:
Tags: Tilføj Tag
Ingen Tags, Vær først til at tagge denne postø!

MARC

LEADER 00000nam a2200000 a 4500
001 UCM9875
003 CL-VaPUC
008 030530e19770000SP |||||||||||||||||spa|d
082 0 4 |a 274.4  |b IBA  |2 21 
100 0 |a Ibáñez, José María  |e author  |9 476491 
245 1 0 |a Vicente de Paul y los pobres de su tiempo 
300 |a 468 p 
942 |c BK 
945 |d 20030530 00:00:00  |a rbrito 
260 |a Salamanca  |b Sigueme  |c 1977 
600 0 7 |a VICENTE DE PAUL  |2 CL-VaPUC  |9 476492 
600 0 7 |a HIJAS DE LA CARIDAD  |2 CL-VaPUC  |9 474863 
650 0 |a Pobreza  |9 258652 
650 7 |a MISIONEROS SIGLO 17  |2 CL-VaPUC  |9 476493 
650 7 |a EVANGELIZACION  |2 CL-VaPUC  |9 476494 
651 0 |a Francia  |9 255157 
583 |a last modification  |c 20160817 01:23:15  |k Rodrigo Vera 
490 0 |a Nueva Alianza, 73 
999 |c 303957  |d 303955 
952 |0 0  |1 0  |4 0  |6 274_400000000000000_IBA_1977  |7 0  |8 A  |9 365638  |a BIBTEO  |b BIBTEO  |d 2019-11-21  |i 391058K  |o 274.4 IBA 1977  |p 391058K  |r 2025-01-17  |w 2019-11-21  |y BK  |k ICR